Plantas e flores (Registo nº 4449)
[ vista simples ]
| 000 -Etiqueta do registo | |
|---|---|
| Cabeçalho | 01039nam a2200349 4500 |
| 005 - Identificador da versão | |
| Campo de controlo | 20240813122101.0 |
| 010 ## - Número internacional normalizado dos livros (ISBN) | |
| Número (ISBN) | 9789895004881 |
| Número (ISBN) | 989-50-0488-5 |
| 021 ## - Número do Depósito Legal | |
| Código do país | PT |
| Número | 250674/06 |
| 035 ## - Other System Control Numbers | |
| System Control Number | (bn)1694964 |
| System Control Number | 2078073 |
| 100 ## - Dados gerais de processamento | |
| Dados gerais de processamento | 20081103d2006 c y0pory5003 ba |
| 102 ## - Pais de publicação ou produção | |
| País de publicação | Portugal |
| 101 1# - Língua de publicação | |
| Língua do texto, banda sonora, etc. | Português |
| Língua do documento no original | Inglês |
| 106 ## - Campo de dados codificados: material textual | |
| Dados codificados do material textual | r |
| 105 ## - Campo de dados codificados: livros | |
| Dados codificados dos livros | a z 001yy |
| 215 ## - Descrição física | |
| Indicação específica da natureza do documento e extensão da espécie | 30 p. |
| Outras indicações físicas | il. |
| Dimensões | 25 cm |
| 200 1# - Titulo e menção de responsabilidade | |
| Título próprio | Plantas e flores |
| Primeira menção de responsabilidade | Lynn Huggins-Cooper |
| Outras menções de responsabilidade | il. Shelagh McNicholas, David Burroughs |
| -- | trad. Maria Amélia Pedrosa |
| 225 1# - Colecção | |
| Título próprio da colecção | Ciência em primeira mão |
| 210 ## - Publicação, Distribuição, etc. | |
| Lugar da edição, distribuição, etc. | Rio de Mouro |
| Nome do editor, distribuidor, etc. | Everest |
| Data da publicação, distribuição, etc. | 2006 |
| 304 ## - Notas relativas a título e menção de responsabilidade | |
| Texto da nota | Tít. orig.: Plants and Flowers |
| 675 ## - Classificação Decimal Universal (CDU) | |
| Notação | 087.5 |
| Edição | BN |
| Língua da edição | por |
| Notação | 58(0.053.2) |
| Edição | BN |
| Língua da edição | por |
| 702 #1 - Nome de autor-pessoa física (responsabilidade secundária) | |
| Número de registo de entrada de autoridade | 0001294 |
| Palavra de ordem | McNicholas |
| Outra parte do nome não tomada para palavra de ordem | Shelagh |
| Código de função | Ilustrador / Técnico de desenho computorizado |
| Número de registo de entrada de autoridade | 0001295 |
| Palavra de ordem | Burroughs |
| Outra parte do nome não tomada para palavra de ordem | David |
| Código de função | Ilustrador / Técnico de desenho computorizado |
| Número de registo de entrada de autoridade | 0001197 |
| Palavra de ordem | Pedrosa |
| Outra parte do nome não tomada para palavra de ordem | Maria Amélia |
| Código de função | Tradutor |
| 700 #1 - Nome de autor-pessoa física (responsabilidade principal) | |
| Número de registo de entrada de autoridade | 0001293 |
| Palavra de ordem | Cooper |
| Outra parte do nome não tomada para palavra de ordem | Lynn Huggins |
| 966 ## - Identificação da Biblioteca | |
| Sigla | EBVerndas |
| 942 ## - Elementos de entrada adicionados (Koha) | |
| Tipo de item no Koha | Livro |
| Situação do levantamento | Origin of item (home branch) (coded) | Biblioteca de empréstimo | Código de barras | Cota | Circulation type (not for loan) | Tipo de documento | Nota do exemplar | Damaged status |
|---|---|---|---|---|---|---|---|---|
| Biblioteca Escolar das Vendas | Biblioteca Escolar das Vendas | BEV2145 | 2006 | 5 BOT HUG | Livro | Sem mensagem |
